00926nam a2200253 a 450000100060000000300080000600500170001400800410003103500190007204000350009104100080012608200270013410000240016124501090018526000440029430000250033849000900036350400510045365000260050465000110053065000210054170000200056283000900058249703BD-RjUL20211209054721.0160822t19611960enk b 001 0 eng d a(BD-RjUL)49823 bengcBD-RjULdBD-RjULaBD-RjUL aeng 223a364.363bCLD 1961 1 aCloward, Richard A.10aDelinquency and opportunity :ba theory of delinquent gangs /cby Richard A. Cloward and Lloyd E. Ohlin. aLondon :bRoutledge & Kegan Paul,c1961 axi, 220 p. ;c22 cm.1 aInternational library of sociology and social reconstruction (Routledge & Kegan Paul) aIncludes bibliographical references and index. 0aJuvenile delinquents. 0aGangs. 0aGang prevention.1 aOhlin, Lloyd E. 0aInternational library of sociology and social reconstruction (Routledge & Kegan Paul)